Mạch điện tử transistor
Enregistré dans:
| Auteur principal: | |
|---|---|
| Format: | Livre |
| Langue: | Undetermined |
| Publié: |
Cần Thơ
Viện Đại học Cần Thơ
1970
|
| Sujets: | |
| Tags: |
Ajouter un tag
Pas de tags, Soyez le premier à ajouter un tag!
|
| Thư viện lưu trữ: | Trung tâm Học liệu Trường Đại học Cần Thơ |
|---|
| LEADER | 00562nam a2200181Ia 4500 | ||
|---|---|---|---|
| 001 | CTU_14178 | ||
| 008 | 210402s9999 xx 000 0 und d | ||
| 082 | |a 621.3813 | ||
| 082 | |b H307/T.1 | ||
| 100 | |a Phạm Hữu Hiệp | ||
| 245 | 0 | |a Mạch điện tử transistor | |
| 245 | 0 | |c Phạm Hữu Hiệp | |
| 260 | |a Cần Thơ | ||
| 260 | |b Viện Đại học Cần Thơ | ||
| 260 | |c 1970 | ||
| 650 | |a semiconductors,transistors | ||
| 904 | |i Nguyễn Quang Điền, 961230 | ||
| 980 | |a Trung tâm Học liệu Trường Đại học Cần Thơ | ||